[Event "Bialystok-ch"]
[Site "Bialystok"]
[Date "2014.??.??"]
[Round "6"]
[White "Dolata, Marcin"]
[Black "Kondrusik, Aleksander"]
[Result "1/2-1/2"]
[WhiteElo "1407"]
[BlackElo "1586"]
[PlyCount "60"]
[EventDate "2014.11.08"]
[EventType "swiss"]
[EventRounds "7"]
[EventCountry "POL"]
[SourceTitle "CBM 163 Extra"]
[Source "ChessBase"]
[SourceDate "2014.12.23"]
[SourceVersion "1"]
[SourceVersionDate "2014.12.23"]
[SourceQuality "1"]

1. e4 c5 2. Nf3 d6 3. d4 cxd4 4. Nxd4 Nf6 5. Nc3 a6 6. Be3 e6 7. Bd3 Be7 8. 0-0 Nbd7 9. Nf3 b5 10. a3 Bb7 11. Bd4 e5 12. Be3 Ng4 13. Qe2 0-0 14. Nd2 Nxe3 15. Qxe3 Bg5 16. Qe2 Nc5 17. Nf3 Be7 18. Rfe1 Rc8 19. Rac1 Qd7 20. h3 h6 21. Qe3 f5 22. exf5 Nxd3 23. Qxd3 Rxf5 24. Nxe5 Qe6 25. Nc6 Re5 26. Nxe5 dxe5 27. Qg3 Bf6 28. Ne4 Be7 29. Nc3 Bd6 30. Qg4 Qf7 1/2-1/2

[Event "Bialystok-ch"]
[Site "Bialystok"]
[Date "2014.??.??"]
[Round "1"]
[White "Kondrusik, Aleksander"]
[Black "Bartoszewicz, Marcin"]
[Result "0-1"]
[WhiteElo "1586"]
[BlackElo "1952"]
[PlyCount "84"]
[EventDate "2014.11.08"]
[EventType "swiss"]
[EventRounds "7"]
[EventCountry "POL"]
[SourceTitle "CBM 163 Extra"]
[Source "ChessBase"]
[SourceDate "2014.12.23"]
[SourceVersion "1"]
[SourceVersionDate "2014.12.23"]
[SourceQuality "1"]

1. e4 c5 2. Nc3 Nc6 3. g3 e5 4. Bg2 d6 5. d3 Nf6 6. Nge2 Be7 7. 0-0 0-0 8. f4 Rb8 9. h3 b5 10. Nd5 Nxd5 11. exd5 Nd4 12. c3 Nxe2+ 13. Qxe2 exf4 14. Bxf4 Bf6 15. a3 a5 16. Rab1 b4 17. Qd2 Rb7 18. Be3 Re8 19. Kh2 Bd7 20. Rfe1 Bf5 21. Bf2 bxa3 22. bxa3 Rxb1 23. Rxb1 c4 24. Bf1 Bg5 25. Qd1 Qd7 26. Qf3 Bf6 27. Re1 Rxe1 28. Bxe1 cxd3 29. Bxd3 Bxd3 30. Qxd3 Qa7 31. a4 h5 32. Kg2 Be5 33. Bf2 Qe7 34. Bb6 h4 35. Bf2 hxg3 36. Bxg3 Qg5 37. c4 f5 38. Kf2 f4 39. Bh2 f3 40. Bxe5 Qg2+ 41. Ke3 f2 42. Qf5 f1Q 0-1

[Event "Bialystok Spring qual"]
[Site "Bialystok"]
[Date "2014.??.??"]
[Round "8"]
[White "Kondrusik, Aleksander"]
[Black "Rusak, Jan"]
[Result "1-0"]
[WhiteElo "1542"]
[BlackElo "1479"]
[PlyCount "61"]
[EventDate "2014.04.??"]
[EventType "swiss"]
[EventRounds "9"]
[EventCountry "POL"]
[SourceTitle "EXT 2016"]
[Source "ChessBase"]
[SourceDate "2015.10.08"]
[SourceVersion "1"]
[SourceVersionDate "2015.10.08"]
[SourceQuality "1"]

1. e4 d5 2. exd5 Qxd5 3. Nc3 Qa5 4. d4 Bf5 5. Nf3 Nd7 6. Bd2 Ngf6 7. Bc4 Bg4 8. Nd5 Qxd5 9. Bxd5 Nxd5 10. c4 N5f6 11. Qb3 0-0-0 12. g3 Bh5 13. 0-0 Ne4 14. Qe3 f5 15. Ng5 e5 16. Nxe4 exd4 17. Qxd4 Nc5 18. Qe5 fxe4 19. Bf4 Bd6 20. Qxh5 Nd3 21. Bxd6 Rxd6 22. Qf5+ Kb8 23. Qxe4 h6 24. Rad1 Rhd8 25. Rd2 a6 26. Rfd1 Nxf2 27. Qe2 Nxd1 28. Rxd6 Rxd6 29. b3 c6 30. Qe5 Kc7 31. c5 1-0

[Event "Bialystok Spring qual"]
[Site "Bialystok"]
[Date "2014.??.??"]
[Round "6"]
[White "Sazon, Adam"]
[Black "Kondrusik, Aleksander"]
[Result "0-1"]
[WhiteElo "1819"]
[BlackElo "1542"]
[PlyCount "70"]
[EventDate "2014.04.??"]
[EventType "swiss"]
[EventRounds "9"]
[EventCountry "POL"]
[SourceTitle "EXT 2016"]
[Source "ChessBase"]
[SourceDate "2015.10.08"]
[SourceVersion "1"]
[SourceVersionDate "2015.10.08"]
[SourceQuality "1"]

1. Nf3 Nf6 2. g3 d5 3. d4 e6 4. Bg2 Be7 5. 0-0 0-0 6. c4 b6 7. Nc3 c6 8. Bg5 Bb7 9. Bxf6 Bxf6 10. cxd5 cxd5 11. Re1 Nc6 12. e3 Rc8 13. a3 a6 14. Qd2 Na5 15. Ne5 Nb3 16. Qd3 Nxa1 17. Rxa1 b5 18. f4 Bxe5 19. fxe5 Qe7 20. e4 dxe4 21. Nxe4 Bxe4 22. Bxe4 g6 23. Rf1 Rc4 24. b3 Rcc8 25. Qf3 Rc7 26. h4 Rfc8 27. h5 Qg5 28. hxg6 hxg6 29. Kg2 Kg7 30. Rf2 Rh8 31. d5 Qxe5 32. d6 Ra7 33. Qe3 Rd7 34. Rf4 Qxd6 35. Qc3+ e5 0-1

[Event "Bialystok-ch"]
[Site "Bialystok"]
[Date "2014.??.??"]
[Round "2"]
[White "Sazon, Adam"]
[Black "Kondrusik, Aleksander"]
[Result "1/2-1/2"]
[WhiteElo "1687"]
[BlackElo "1586"]
[PlyCount "125"]
[EventDate "2014.11.08"]
[EventType "swiss"]
[EventRounds "7"]
[EventCountry "POL"]
[SourceTitle "CBM 163 Extra"]
[Source "ChessBase"]
[SourceDate "2014.12.23"]
[SourceVersion "1"]
[SourceVersionDate "2014.12.23"]
[SourceQuality "1"]

1. e4 c5 2. Nf3 d6 3. d4 cxd4 4. Nxd4 Nf6 5. Nc3 a6 6. Bg5 e6 7. f4 Be7 8. Qd2 Nbd7 9. Be2 0-0 10. 0-0-0 Qc7 11. g4 b5 12. Bxf6 Nxf6 13. g5 b4 14. gxf6 bxc3 15. Qxc3 Qxc3 16. bxc3 Bxf6 17. Bf3 Bb7 18. e5 Bxf3 19. Nxf3 dxe5 20. fxe5 Be7 21. Rd3 Rfd8 22. Rhd1 f6 23. Nd4 Kf7 24. Nc6 Rxd3 25. Rxd3 Rc8 26. Nxe7 Kxe7 27. exf6+ Kxf6 28. Kd2 Rc5 29. Rd4 g5 30. c4 h5 31. Kc3 a5 32. a4 Kf5 33. Rd8 Ke4 34. Rb8 Ke5 35. Rd8 g4 36. Rh8 Ke4 37. Rb8 h4 38. Rb5 Re5 39. c5 g3 40. c6 gxh2 41. Rxe5+ Kxe5 42. c7 h1Q 43. c8Q Qe1+ 44. Kd3 Qe4+ 45. Kd2 Qxa4 46. Qh8+ Kd6 47. Qd8+ Ke5 48. Qg5+ Kd6 49. Qd8+ Qd7 50. Qxh4 Kc5+ 51. Kc3 Qg7+ 52. Kb3 Qb7+ 53. Ka2 Qd5+ 54. Ka3 Qf3+ 55. Ka2 Qc3 56. Qe7+ Kb5 57. Qb7+ Kc5 58. Qc7+ Kd4 59. Qd6+ Kc4 60. Qxe6+ Kb5 61. Qb3+ Qb4 62. Qxb4+ Kxb4 63. Kb2 1/2-1/2

[Event "Bialystok Autumn op"]
[Site "Bialystok"]
[Date "2012.11.03"]
[Round "4.3"]
[White "Kondrusik, Aleksander"]
[Black "Burakowska, Gabriela"]
[Result "0-1"]
[WhiteElo "1574"]
[BlackElo "1638"]
[PlyCount "82"]
[EventDate "2012.11.02"]
[EventType "swiss"]
[EventRounds "9"]
[EventCountry "POL"]
[SourceTitle "EXT 2023"]
[Source "ChessBase"]
[SourceDate "2022.10.05"]
[SourceVersion "1"]
[SourceVersionDate "2022.10.05"]
[SourceQuality "1"]

1. e4 c5 2. Nf3 e6 3. d4 cxd4 4. Nxd4 a6 5. Bc4 Qc7 6. Bb3 Nf6 7. Qe2 Qe5 8. c3 Qxe4 9. Nd2 Qxe2+ 10. Kxe2 Nc6 11. N2f3 Be7 12. Re1 0-0 13. Kf1 b5 14. Nxc6 dxc6 15. Ne5 Bb7 16. Bg5 Rfd8 17. Rad1 h6 18. Bh4 g5 19. Bg3 c5 20. f3 Nd5 21. Bf2 Kg7 22. c4 Nf6 23. Nd3 Nd7 24. Re2 Kf6 25. Red2 bxc4 26. Bxc4 Rdc8 27. b3 Nb6 28. Bg3 Bd5 29. Ne5 h5 30. a4 h4 31. Ng4+ Kg7 32. Bxd5 Nxd5 33. Bf2 c4 34. bxc4 Rxc4 35. Rd4 Rac8 36. R1d2 Bf6 37. Nxf6 Kxf6 38. g4 R8c6 39. a5 Rc1+ 40. Rd1 R1c2 41. Ke1 Ra2 0-1